| 000 | 00692nam a22002297a 4500 | ||
|---|---|---|---|
| 999 |
_c4509 _d4509 |
||
| 003 | AR-CdUCM | ||
| 008 | 190308b ||||| |||| 00| 0 spa d | ||
| 020 | _a950-614-058-8 | ||
| 040 |
_aMUNICIPALIDAD PROVINCIAL DEL CUSCO _cBIBLIOTECA MUNICIPAL DEL CUSCO |
||
| 041 | _hfre | ||
| 082 |
_a848.9 / _bB34 |
||
| 100 |
_aBeckett, Samuel _914143 |
||
| 245 | _aEl innombrable / | ||
| 260 |
_aBuenos Aires : _bEdiciones Orbis, _bHyspamerica ediciones, _c1983. |
||
| 300 |
_a191 páginas ; _c20 cm. |
||
| 440 |
_aLos premios Nobel. _n21 _914144 |
||
| 650 |
_aNovelas francesas _9571 |
||
| 650 |
_aSiglo XIX _9971 |
||
| 650 |
_aTraducciones al español _91053 |
||
| 942 |
_2ddc _cLIBROS |
||
| 945 | _azta | ||